[Event "Hotel Montesano Open A"]
[Site "Villa San Giovanni ITA"]
[Date "2005.08.07"]
[Round "1"]
[White "Lupo,F"]
[Black "Borin,F"]
[Result "1-0"]
[WhiteElo "1891"]
[BlackElo "2184"]

1.e4 d6 2.d4 Nf6 3.Nc3 e5 4.dxe5 dxe5 5.Qxd8+ Kxd8 6.Bg5 Be6 7.O-O-O+ Nd7
8.f3 c6 9.Kb1 h6 10.Be3 Kc7 11.Nge2 a5 12.a4 Bb4 13.b3 Rad8 14.Kb2 Nc5 15.Rxd8 Rxd8
16.Nc1 Bxc3+ 17.Kxc3 Rd1 18.Rg1 Nfxe4+ 19.fxe4 Nxe4+ 20.Kb2 Re1 21.Be2 Rxg1
22.Bxg1 b6 23.Nd3 f6 24.Be3 Nd6 25.g4 c5 26.c4 Bxc4 27.Bxc5 Bxd3 28.Bxd6+ Kxd6
29.Bxd3 Kd5 30.Kc3 h5 31.h3 e4 32.Be2 hxg4 33.hxg4 g6 34.Bc4+ Ke5 35.Bf7 Kf4
36.Kd2 f5 37.Bxg6 fxg4 38.Ke2 g3 39.Be8 Ke5 40.Ke3 Kd5 41.Bg6 Kc5 42.Bxe4 b5
43.Kf3 Kb4 44.Bc6  1-0

[Event "92nd ch-GBR"]
[Site "Douglas IOM"]
[Date "2005.08.08"]
[Round "7"]
[White "McDonnell,J"]
[Black "Dignam,M"]
[Result "0-1"]
[WhiteElo "2054"]
[BlackElo "2194"]

1.e4 d6 2.d4 Nf6 3.Nc3 c6 4.f4 Qa5 5.Bd3 e5 6.Nf3 Bg4 7.Be3 Qb6 8.Na4 Qa5+
9.c3 b5 10.fxe5 dxe5 11.Nc5 Bxc5 12.dxc5 Nbd7 13.a3 O-O 14.O-O Rfd8 15.b4 Qc7
16.Qe2 Nf8 17.h3 Bh5 18.Bg5 Ne6 19.Bc1 Nf4 20.Bxf4 exf4 21.c4 bxc4 22.Bxc4 Re8
23.e5 Rad8 24.e6 Kh8 25.Qa2 fxe6 26.Bxe6 Ne4 27.Rac1 Bxf3 28.gxf3 Rd2 29.Qc4 Qe5
30.Bg4 Qb2  0-1

[Event "Valoz Cup GMA"]
[Site "Olomouc CZE"]
[Date "2005.08.08"]
[Round "8"]
[White "Stopa,Ja"]
[Black "Kholmov,R"]
[Result "1/2-1/2"]
[WhiteElo "2460"]
[BlackElo "2430"]

1.e4 d6 2.d4 Nf6 3.Nc3 e5 4.Nf3 Nbd7 5.Bc4 Be7 6.O-O O-O 7.Re1 c6 8.a4 Qc7
9.h3 b6 10.Bd3 Bb7 11.b3 a6 12.Ne2 Rfe8 13.Ng3 g6 14.Bh6 exd4 15.Nxd4 d5
16.exd5 Nxd5 17.Nf3 Bf6 18.Ne4 Bh8 19.c4 N5f6 20.Nxf6+ Nxf6  1/2-1/2

[Event "Summer"]
[Site "Borovo CRO"]
[Date "2005.08.09"]
[Round "6"]
[White "Cebalo,M"]
[Black "Tseshkovsky,V"]
[Result "1/2-1/2"]
[WhiteElo "2511"]
[BlackElo "2599"]

1.d4 d6 2.e4 Nf6 3.Nc3 e5 4.dxe5 dxe5 5.Qxd8+ Kxd8 6.Bg5 Be6 7.O-O-O+ Nd7
8.g3 Kc8 9.f4 Bg4 10.Be2 Bxe2 11.Ngxe2 Ng4 12.fxe5 h6 13.Rxd7 Kxd7 14.Rd1+ Ke8
15.Nb5 hxg5 16.Nxc7+ Ke7 17.Nxa8 Nxe5 18.Nd4 f6 19.Nc7 Kf7 20.Nde6 Be7 21.Rd2 Nf3
22.Rd7 Ne5 23.Rd2 Bb4 24.Rd5 Rxh2 25.c3 Be7 26.Nxg5+ Kg8 27.Nge6 Rg2 28.Rb5 b6
29.a4 Nc4 30.a5 Nxa5 31.Rd5 Nb3+ 32.Kb1 Nd2+ 33.Ka1 Nxe4 34.Rd7 Ba3 35.Rxg7+ Kh8
36.Nd5 Bxb2+ 37.Ka2 Nxc3+ 38.Nxc3 Bxc3+ 39.Kb3 Be5 40.Rxa7 Rxg3+ 41.Kc4 Rc3+
42.Kd5 b5 43.Rb7 Rb3 44.Ke4 Rb1 45.Kf5 Kg8 46.Rg7+ Kh8 47.Ra7 Kg8 48.Rg7+  1/2-1/2

[Event "American Continental"]
[Site "Buenos Aires ARG"]
[Date "2005.08.09"]
[Round "4"]
[White "Zapata,K"]
[Black "Toloza,P"]
[Result "0-1"]
[WhiteElo "2156"]
[BlackElo "2349"]

1.e4 d6 2.d4 Nf6 3.Nc3 Nbd7 4.Bc4 e5 5.Nf3 Be7 6.O-O O-O 7.a4 c6 8.a5 Rb8
9.h3 b5 10.axb6 axb6 11.d5 b5 12.dxc6 bxc4 13.cxd7 Qxd7 14.Qe2 Rb4 15.Rd1 Qc6
16.Nd5 Nxd5 17.exd5 Qb5 18.Bd2 Ra4 19.Bc3 Rxa1 20.Rxa1 Qxd5 21.Rd1 Qc6 22.Bb4 Bb7
23.Qf1 f6 24.Nd2 Rc8 25.Nb1 Rb8 26.Ba3 Bc8 27.Nc3 Be6 28.Qe1 Bf8 29.Qd2 Rd8
30.f4 Rd7 31.Kh2 Be7 32.Kg3 Bd8 33.Nd5 Qb7 34.Kh2 h6 35.Ne3 exf4 36.Nf1 d5
37.Re1 Qb6 38.Qe2 Bf7 39.Nd2 Bc7 40.Qg4 f3+ 41.Kh1 fxg2+ 42.Kxg2 Qc6 43.Qf3 Qa4
44.Qf5 d4 45.b3 Qa8+ 46.Nf3 Rd5  0-1

[Event "ch-IRI Semi-Final"]
[Site "Tehran IRI"]
[Date "2005.08.09"]
[Round "7"]
[White "Rafiei,A1"]
[Black "Doostkam,P"]
[Result "0-1"]
[WhiteElo "2174"]
[BlackElo "2250"]

1.e4 d6 2.d4 Nf6 3.Nc3 e5 4.Nf3 exd4 5.Qxd4 Nc6 6.Bb5 Be7 7.Bg5 O-O 8.Bxc6 bxc6
9.O-O-O h6 10.Bh4 c5 11.Qd3 Bb7 12.e5 Ng4 13.Bg3 Nxe5 14.Nxe5 dxe5 15.Qf5 Bg5+
16.Kb1 Qf6 17.Qxe5 Bxg2 18.Rhg1 Qc6 19.Qxc7 Qxc7 20.Bxc7 Bf3 21.Rd3 Bh5 22.Rd5 Bg6
23.Be5 Rfe8 24.f4 Rad8 25.Rxc5 Rxe5 26.Rxe5 Bxf4 27.Re2 Bh5 28.Reg2 g5 29.Rf1 Be5
30.a4 Rb8 31.Ka2 f6 32.Rb1 Bf7+ 33.Ka1 Rb4 34.Rd2 f5 35.Re1 Bd4 36.Re7 f4
37.Nd1 Rxa4+ 38.Kb1 f3 39.Rd7 Bb6 40.Re7 Rf4 41.Nf2 Bc5 42.Re4 Rf5 43.h3 Kg7
44.c3 Bg6 45.Kc1 Rf7 46.Re5 Bb6 47.b4 Bc7 48.Re1 Bf4 49.Kd1 Bxd2 50.Kxd2 h5
51.Re3 Rf4 52.Re7+ Kf6 53.Rxa7 g4 54.Ke3 g3 55.Kxf4 gxf2 56.Ra1 Bd3 57.Kxf3 f1=Q+
58.Rxf1 Bxf1 59.Kf4 Bxh3 60.Kg3 Bf1 61.Kf4 Ba6 62.Kg3 Kg5 63.Kh3 h4  0-1

[Event "ch-POR"]
[Site "Vila Real POR"]
[Date "2005.08.09"]
[Round "7"]
[White "Fernandes,An"]
[Black "Galego,L"]
[Result "0-1"]
[WhiteElo "2444"]
[BlackElo "2501"]

1.d4 d6 2.e4 Nf6 3.Nc3 c6 4.g3 Qa5 5.Bg2 e5 6.Ne2 Be7 7.O-O O-O 8.a4 Re8
9.h3 Bf8 10.Be3 Nbd7 11.Qd2 exd4 12.Bxd4 d5 13.exd5 Nxd5 14.Rad1 Nxc3 15.Nxc3 Nb6
16.Qf4 Nxa4 17.Ne4 Qf5 18.Qe3 Be6 19.b3 Nb6 20.c4 Nd7 21.g4 Qg6 22.Rfe1 h6
23.Bxa7 f5 24.Nd6 Re7 25.Bd4 fxg4 26.Qg3 Nf6 27.Bxf6 Qxf6 28.hxg4 Ra2 29.g5 hxg5
30.Ne4 Qf4 31.Re3 Bg4 32.Rde1 Rf7 33.f3 Qxg3 34.Nxg3 Bd7 35.Ne4 g4 36.Rd1 Bf5
37.fxg4 Bxe4 38.Rxe4 Rff2 39.Bf1 Bc5 40.Rd8+ Rf8+  0-1

[Event "FSIMB August"]
[Site "Budapest HUN"]
[Date "2005.08.10"]
[Round "5"]
[White "Stupavski,Z"]
[Black "Kagan,Y"]
[Result "1/2-1/2"]
[WhiteElo "2337"]
[BlackElo "2290"]

1.e4 d6 2.d4 Nf6 3.Nc3 e5 4.dxe5 dxe5 5.Qxd8+ Kxd8 6.Bc4 Bb4 7.Bd2 Ke7 8.Nge2 Be6
9.Bxe6 fxe6 10.f3 Nc6 11.a3 Bc5 12.Na4 Bb6 13.Nxb6 axb6 14.O-O-O b5 15.Kb1 Ra6
16.Nc1 Nd4 17.Nd3 Nc6 18.Nc5 Ra7 19.Bc3 b6 20.Nd3 Nd7 21.h4 Raa8 22.h5 Rhf8
23.h6 g5 24.Bd2 Rg8 25.Rh5 g4 26.Bg5+ Ke8 27.f4 Ra4 28.Re1 Rf8 29.fxe5 Ndxe5
30.Nxe5 Nxe5 31.Bc1 Nf7 32.Bf4 Kd7 33.Rxb5 Kc6 34.Rh5 Rd8 35.c3 Rg8 36.Kc2 Rg6
37.Kd3 Ra8 38.Ke2  1/2-1/2

[Event "TCh-ESP Premier North"]
[Site "Barcelona ESP"]
[Date "2005.08.11"]
[Round "1"]
[White "Andres Gonzalez,I"]
[Black "Iglesias,Ju"]
[Result "1/2-1/2"]
[WhiteElo "2314"]
[BlackElo "2125"]

1.e4 d6 2.d4 Nf6 3.Nc3 c6 4.f4 Qa5 5.Bd3 e5 6.Nf3 Nbd7 7.O-O Be7 8.Kh1 O-O
9.Qe1 Bd8 10.Bd2 Qc7 11.Rd1 exd4 12.Nxd4 Nc5 13.b4 Nxd3 14.cxd3 Qb6 15.Nc2 Re8
16.Qg3 d5 17.Be3 Qc7 18.Bd4 dxe4 19.dxe4 g6 20.Be5 Qe7 21.Bd6 Nh5 22.Qd3 Qh4
23.f5 Bb6 24.Ne1 gxf5 25.Nf3 fxe4 26.Qc4 Be6 27.Qxe6 exf3 28.Qf5 fxg2+ 29.Kxg2 f6
30.Bg3 Qg5 31.Rd7 Qg6 32.Rxb7 Rad8 33.Qxg6+ hxg6 34.Be1  1/2-1/2

[Event "92nd ch-GBR"]
[Site "Douglas IOM"]
[Date "2005.08.11"]
[Round "10"]
[White "Dignam,M"]
[Black "Rudd,J"]
[Result "0-1"]
[WhiteElo "2194"]
[BlackElo "2268"]

1.d4 Nf6 2.Nc3 d6 3.e4 c6 4.f4 Qa5 5.Qf3 d5 6.e5 Ne4 7.Bd3 Na6 8.Ne2 Nb4
9.O-O Nxd3 10.cxd3 Nxc3 11.bxc3 g6 12.a4 h5 13.h3 Bd7 14.Ba3 O-O-O 15.Bb4 Qc7
16.c4 Be6 17.c5 Bh6 18.a5 a6 19.Ra2 f6 20.Rb2 Rdf8 21.Qg3 Bf5 22.Bd2 Rhg8
23.Rfb1 g5 24.fxg5 fxg5 25.Rb3 e6 26.Qe1 Rf7 27.Ng3 Bg6 28.Qe2 h4 29.Nh5 Bf5
30.Nf6 Rh8 31.Kh1 Qd8 32.Qh5 Rg7 33.Rf1 Qf8 34.Ng4 Rf7 35.Nxh6 Rxh6 36.Qxg5 Rg6
37.Qf4 Qg8 38.Rf2 Rfg7 39.Qh2 Rg3 40.Bf4 Bxh3 41.Rbb2 Rxd3 42.Rbd2 Rc3 43.Rc2 Rxc2
44.Rxc2 Bf5 45.Rf2 Rg4 46.Kg1 Kb8 47.Kf1 Qd8 48.Ra2 Bb1 49.Ra3 Qf8 50.Rf3 Be4
51.Rf2 Bxg2+ 52.Rxg2 Rxf4+ 53.Rf2 Rxf2+ 54.Qxf2 Qxf2+ 55.Kxf2 b5 56.cxb6 c5
57.dxc5 h3  0-1

[Event "Valoz Cup GMA"]
[Site "Olomouc CZE"]
[Date "2005.08.11"]
[Round "11"]
[White "Cernousek,L"]
[Black "El Taher,F"]
[Result "1-0"]
[WhiteElo "2375"]
[BlackElo "2456"]

1.d4 d6 2.e4 Nf6 3.Nc3 Nbd7 4.Nf3 e5 5.Bc4 Be7 6.O-O O-O 7.Re1 c6 8.a4 a5
9.Bg5 Qb6 10.Qd2 Re8 11.h3 h6 12.Be3 Qc7 13.Rad1 Nf8 14.Qc1 Ng6 15.dxe5 Nxe5
16.Nxe5 dxe5 17.Bxh6 Bf8 18.Bg5 Nd7 19.Rd3 Nb6 20.Bb3 Bd6 21.Red1 Nc4 22.Rg3 Kh7
23.Nd5 cxd5 24.exd5 Bd7 25.Rc3 Bc5 26.Rxc4 b5 27.axb5 Bxb5 28.d6 Qb6 29.Rh4+ Kg8
30.Qd2 Bd7 31.Bf6 Bxf2+ 32.Qxf2 Qxf2+ 33.Kxf2 gxf6 34.Rd3  1-0

[Event "American Continental"]
[Site "Buenos Aires ARG"]
[Date "2005.08.13"]
[Round "8"]
[White "Tristan,L"]
[Black "Toloza,P"]
[Result "1-0"]
[WhiteElo "2225"]
[BlackElo "2349"]

1.e4 d6 2.d4 Nf6 3.Nc3 e5 4.Nge2 c6 5.f3 Nbd7 6.Be3 b5 7.Qd2 h5 8.O-O-O a6
9.Ng3 g6 10.dxe5 dxe5 11.f4 Ng4 12.Kb1 Nxe3 13.Qxe3 Bh6 14.Nge2 exf4 15.Nxf4 Qc7
16.g3 O-O 17.Bh3 Ne5 18.Qc5 Bxh3 19.Ncd5 Qb8 20.Ne7+ Kh7 21.Nxh3 Re8 22.Rhf1 Qa7
23.Qxe5 Qxe7 24.Qc3 Rac8 25.Qb3 Rc7 26.Rf2 Qe6 27.Qxe6 Rxe6 28.Re1 Rd7 29.c3 Bg7
30.Kc2 h4 31.Nf4 Rf6 32.Ref1 hxg3 33.hxg3 Kg8 34.Nd3 Rxf2+ 35.Rxf2 Bf8 36.Rf6 Rc7
37.Nb4 Bxb4 38.cxb4 c5 39.Rxa6 cxb4+ 40.Kb3 Rc4 41.Rb6 Rxe4 42.Rxb5 Rg4 43.Rxb4 Rxg3+
44.Kc2 Rg1 45.a4 Ra1 46.b3 g5 47.Kb2 Re1 48.a5 Re8 49.a6 Kg7 50.Kc3 Kf6 51.a7 Ra8
52.Rb7 Ke6 53.b4 g4 54.Kd4 g3 55.Ke3  1-0

[Event "15th ch-SLO"]
[Site "Ptuj SLO"]
[Date "2005.08.13"]
[Round "3"]
[White "Zorko,Ju"]
[Black "Sebenik,M"]
[Result "1/2-1/2"]
[WhiteElo "2335"]
[BlackElo "2407"]

1.e4 d6 2.d4 Nf6 3.Nc3 e5 4.Nf3 Nbd7 5.Bc4 Be7 6.O-O O-O 7.Re1 a6 8.a4 b6
9.d5 Ne8 10.Na2 Nc5 11.Nb4 Bd7 12.Nc6 Bxc6 13.dxc6 a5 14.c3 g6 15.Bh6 Ng7
16.b4 Nce6 17.Qb3 Ng5 18.Nd2 Kh8  1/2-1/2

[Event "ch-AUT Qualifier"]
[Site "Gmunden AUT"]
[Date "2005.08.15"]
[Round "3"]
[White "Kreindl,H"]
[Black "Alvir,A"]
[Result "0-1"]
[WhiteElo "2190"]
[BlackElo "2385"]

1.d4 d6 2.e4 Nf6 3.Nc3 Nbd7 4.Nf3 e5 5.dxe5 dxe5 6.Bc4 Bc5 7.Bg5 c6 8.O-O O-O
9.Qe2 Qe7 10.a4 Bd4 11.Nd1 h6 12.Be3 Bxe3 13.Nxe3 Nc5 14.Nf5 Bxf5 15.exf5 e4
16.Nd4 a5 17.Rfe1 Rfe8 18.h3 Rad8 19.Nb3 Nxb3 20.Bxb3 Qe5 21.Qc4 Re7 22.g4 Qxb2
23.Qc5 Qe5 24.Qxe5 Rxe5 25.Rad1 Rxd1 26.Rxd1 Kf8 27.Kg2 Ke7 28.Kg3 b5 29.Kf4 Rc5
30.Re1 Rc3 31.Re3 Nd5+ 32.Bxd5 Rxe3 33.Kxe3 cxd5 34.axb5 a4 35.Kd4 a3  0-1

[Event "Hotel Montesano Open A"]
[Site "Villa San Giovanni ITA"]
[Date "2005.08.15"]
[Round "9"]
[White "Scharrer,P"]
[Black "Borin,F"]
[Result "1-0"]
[WhiteElo "2209"]
[BlackElo "2184"]

1.e4 d6 2.d4 Nf6 3.Nc3 e5 4.Nf3 Nbd7 5.Bc4 Be7 6.O-O O-O 7.Re1 c6 8.a4 b6
9.d5 Bb7 10.dxc6 Bxc6 11.Nd5 Nxd5 12.Bxd5 Bxd5 13.Qxd5 Rc8 14.c3 a6 15.Rd1 h6
16.Be3 Qc7 17.Nd2 Qc6 18.Qd3 a5 19.f3 Bg5 20.Nf1 Bxe3+ 21.Nxe3 Qc5 22.Kh1 Nf6
23.Nf5 Rcd8 24.Qb5 Qc7 25.Rd2 Rd7 26.Rad1 Rfd8 27.Rd3 d5 28.exd5 e4 29.d6 Qb7
30.fxe4 Nxe4 31.Qe5 f6 32.Qe6+ Kh8 33.Nxh6 Nf2+ 34.Kg1 Nxd3 35.Rxd3 gxh6
36.Qxf6+ Kg8 37.Qg6+ Kh8 38.Qxh6+ Rh7 39.Qf6+  1-0

[Event "ch-FRA w"]
[Site "Chartres FRA"]
[Date "2005.08.16"]
[Round "2"]
[White "Lallemand,R"]
[Black "Milliet,S"]
[Result "0-1"]
[WhiteElo "2287"]
[BlackElo "2321"]

1.e4 d6 2.d4 Nf6 3.Nc3 Nbd7 4.Nf3 e5 5.Bc4 Be7 6.O-O O-O 7.h3 c6 8.a4 a5
9.dxe5 dxe5 10.Qe2 Qc7 11.Nh4 Nc5 12.f4 Be6 13.Bxe6 Nxe6 14.fxe5 Qxe5 15.Nf3 Bc5+
16.Kh1 Qg3 17.Qc4 Nh5 18.Ne2 Qg6 19.Ne5 Ng3+ 20.Nxg3 Qxg3 21.Nxf7 Qg6 22.Ne5 Rxf1+
23.Qxf1 Qxe4 24.Qf7+ Kh8 25.Bd2 Qxe5 26.Re1 Qd5 27.Bc3 Rf8 28.Qxb7 h6 29.Qa6 Rf2
30.Qc8+ Kh7 31.Rg1 Rxc2  0-1

[Event "15th ch-SLO w"]
[Site "Ptuj SLO"]
[Date "2005.08.17"]
[Round "7"]
[White "Grobelsek,A"]
[Black "Srebrnic,A"]
[Result "0-1"]
[WhiteElo "2129"]
[BlackElo "2289"]

1.e4 d6 2.d4 Nf6 3.Nc3 e5 4.Nf3 Nbd7 5.Bc4 Be7 6.O-O O-O 7.a4 c6 8.Re1 b6
9.d5 c5 10.h3 a6 11.Bf1 Ne8 12.Ne2 Rb8 13.c4 g6 14.g4 Ng7 15.Ng3 Nf6 16.Re3 h5
17.Nh2 h4 18.Ne2 Nh7 19.Rb3 Ng5 20.Nc3 f5 21.f3 Bd7 22.Be3 fxg4 23.fxg4 Ne8
24.Qe2 Nc7 25.Bf2 Qe8 26.Qe1 b5 27.axb5 axb5 28.Bxh4 bxc4 29.Rxb8 Qxb8 30.Qe3 Rf4
31.Bg3 Rf7 32.Bh4 Nxh3+ 33.Qxh3 Rh7 34.Nf3 Qxb2 35.Ra7 Qxc3 36.Rxc7 Qe3+
37.Bf2 Qxe4 38.Qg2 Bxg4 39.Nd2 Qxg2+ 40.Bxg2 c3 41.Ne4 c2 42.Be3 Bf5 43.Ra7 Rf7
44.Ra2 Rf8 45.Rxc2 Ra8 46.Rb2 Ra1+ 47.Kf2 Bh4+ 48.Ng3 Ra3 49.Re2 c4 50.Bf3 Bd3
51.Rd2 e4 52.Bg4 c3 53.Be6+ Kf8 54.Bh6+ Ke7 55.Rd1 Ra2+ 56.Ke3 Bxg3 57.Bg5+ Kf8
58.Bf6 Re2+ 59.Kd4 c2 60.Ra1 Be5+ 61.Bxe5 dxe5+ 62.Kxe5 Rd2 63.Kf6 Rf2+ 64.Kxg6 Rf1
65.Ra8+ Ke7 66.Ra7+ Kd6 67.Rd7+ Ke5 68.Re7 c1=Q  0-1

[Event "Masters"]
[Site "Abu Dhabi UAE"]
[Date "2005.08.19"]
[Round "5"]
[White "Salem,Gh"]
[Black "Kurnosov,I"]
[Result "1/2-1/2"]
[WhiteElo "2318"]
[BlackElo "2549"]

1.e4 d6 2.d4 Nf6 3.Nc3 e5 4.Nf3 Nbd7 5.Bc4 Be7 6.a4 O-O 7.O-O c6 8.Qe2 Qc7
9.h3 b6 10.Rd1 a6 11.Be3 Bb7 12.dxe5 dxe5 13.Nh4 b5 14.Nf5 Bc5 15.Bxc5 Nxc5
16.Qe3 Ne6 17.Bxe6 fxe6 18.Nd6 Rad8 19.Qc5 Nd7 20.Qa7 Rb8 21.axb5 axb5 22.Na2 c5
23.Nxb5 Qc6 24.Nd6 Ba8 25.Nc3 h6 26.Ra6 Rb6 27.Rxb6 Nxb6 28.Nc4 Nc8 29.Qa5 Bb7
30.f3 Ba6 31.Nxe5 Qb7 32.Nd7 Rf7 33.Qd8+ Kh7 34.Nf8+ Kg8 35.Nxe6+ Kh7 36.Na4 Bc4
37.Nf8+ Kg8  1/2-1/2

[Event "ch-AUT Qualifier"]
[Site "Gmunden AUT"]
[Date "2005.08.21"]
[Round "9"]
[White "Kreischer,G"]
[Black "Nickl,K"]
[Result "0-1"]
[WhiteElo "2193"]
[BlackElo "2175"]

1.e4 d6 2.d4 Nf6 3.Nc3 Nbd7 4.Nf3 e5 5.dxe5 dxe5 6.Be2 c6 7.O-O Be7 8.a3 O-O
9.h3 Qc7 10.Re1 Nc5 11.Bc4 b5 12.Ba2 Be6 13.Be3 Rad8 14.Qe2 Bxa2 15.Bxc5 Bxc5
16.Nxa2 Nh5 17.Rad1 Ng3  0-1

[Event "39th Open"]
[Site "Mislata ESP"]
[Date "2005.08.21"]
[Round "4"]
[White "Defez Gomez,J"]
[Black "Vassallo,M"]
[Result "1-0"]
[WhiteElo "2196"]
[BlackElo "2410"]

1.e4 d6 2.d4 Nf6 3.Nc3 c6 4.f4 Qa5 5.Bd3 e5 6.Nf3 exd4 7.Nxd4 g6 8.Nb3 Qc7
9.O-O Bg7 10.f5 Nbd7 11.Bf4 Ne5 12.Qd2 Bd7 13.Rad1 O-O-O 14.Bxe5 dxe5 15.Qf2 Qb6
16.h3 Qxf2+ 17.Rxf2 b6 18.Nd2 Bf8 19.Rff1 Bc5+ 20.Kh2 g5 21.Bc4 Be8 22.Nf3 b5
23.Rxd8+ Kxd8 24.Bd3 g4 25.Nd2 Rg8 26.Ne2 Be3 27.Rd1 Kc7 28.Nf1 Bb6 29.Nc3 gxh3
30.gxh3 Nh5 31.Ne2 Bf2 32.Nd2 f6 33.Rf1 Be3 34.Rd1 Bf2 35.Nf1 Bf7 36.a4 bxa4
37.Ra1 Nf4 38.Nxf4 exf4 39.Be2 Bg1+ 40.Kh1 Bc5 41.Rxa4 Rg1+ 42.Kh2 f3 43.Bd3 Rg2+
44.Kh1 Kd6 45.e5+ fxe5 46.Rh4 Bd5 47.b4 Bf2 48.Rh6+ Ke7 49.Rxh7+ Kf8 50.c4 Bg8
51.Rc7 Bd4 52.Rxc6 e4 53.Bxe4 Rg1+ 54.Kh2 Rxf1 55.h4 f2 56.f6 Bxc4 57.Rxc4 Rh1+
58.Bxh1 f1=Q 59.Rc8+ Kf7 60.Bd5+ Kg6 61.Rg8+ Kh5 62.Rh8+ Kg4 63.Rg8+ Kxh4
64.Rh8+ Kg4 65.Rg8+ Kf5 66.f7 Be5+  1-0

[Event "41st Rubinstein Mem Open A"]
[Site "Polanica Zdroj POL"]
[Date "2005.08.21"]
[Round "3"]
[White "Genzling,A"]
[Black "Lubczynski,R"]
[Result "0-1"]
[WhiteElo "2158"]
[BlackElo "2340"]

1.e4 d6 2.d4 Nf6 3.Nc3 e5 4.Nge2 Nc6 5.f3 Be7 6.Be3 O-O 7.d5 Nb8 8.g4 c6
9.Ng3 cxd5 10.exd5 Na6 11.Qd2 Qa5 12.g5 Ne8 13.Bd3 Nc5 14.Bf5 b5 15.h4 b4
16.Nce4 Na4 17.b3 Nb6 18.Rd1 Bb7 19.Bxb6 Qxb6 20.h5 Nc7 21.g6 h6 22.gxf7+ Rxf7
23.Qe2 Raf8 24.Bg4 Kh8 25.c4 bxc3 26.Nxc3 Qa5 27.Ne4 Nxd5  0-1

[Event "Caissa IM August II"]
[Site "Kecskemet HUN"]
[Date "2005.08.22"]
[Round "3"]
[White "Knudsen,JesW"]
[Black "Sutorikhin,V"]
[Result "0-1"]
[WhiteElo "2038"]
[BlackElo "2370"]

1.e4 d6 2.d4 Nf6 3.Nc3 e5 4.dxe5 dxe5 5.Qxd8+ Kxd8 6.Bc4 Be6 7.Bxe6 fxe6
8.Nf3 Bd6 9.Bg5 Ke7 10.O-O-O a6 11.h3 Nd7 12.a3 b5 13.Nd2 Rhb8 14.Ncb1 a5
15.f3 a4 16.Be3 Nh5 17.Bg5+ Ndf6 18.Rde1 h6 19.Be3 Nd7 20.g4 Nf4 21.Rh2 Bc5
22.Nf1 b4 23.Rd1 Bd6 24.Nfd2 Ra6 25.Nc4 Rb5 26.h4 Rc6 27.Nxd6 cxd6 28.axb4 Rxb4
29.h5 Nb6 30.Bxb6 Rcxb6 31.c3 Rb3 32.Rc2 d5 33.Na3 Kf6 34.Kb1 Rxa3  0-1

[Event "VI Open"]
[Site "Tarragona ESP"]
[Date "2005.08.22"]
[Round "3"]
[White "Midoux,S"]
[Black "Oratovsky,M"]
[Result "1/2-1/2"]
[WhiteElo "2300"]
[BlackElo "2529"]

1.e4 d6 2.d4 Nf6 3.Nc3 Nbd7 4.Nf3 e5 5.Bc4 Be7 6.O-O O-O 7.Re1 c6 8.a4 a5
9.Bf1 Re8 10.g3 Bf8 11.Bg2 exd4 12.Nxd4 Nc5 13.h3 g6 14.Bf4 Qb6 15.Qd2 Qb4
16.g4 Be6 17.Be3 Rad8 18.Nde2 Bg7 19.Bd4 Bc8 20.f3 Ne6 21.Be3 d5 22.exd5 Nxd5
23.Nxd5 Rxd5 24.Qxb4 axb4 25.c3 Re5 26.Bf2 Nc5 27.Bxc5 Rxc5 28.cxb4 Rce5
29.Kf1 Be6 30.Rec1 Rxe2 31.Kxe2 Bxb2 32.Kf2 Bd4+ 33.Kg3 Bxa1 34.Rxa1 Bd5
35.Kf2 g5 36.Bf1 Re6 37.Bd3 Kg7 38.Rc1 Kf6 39.Bf5 Re8 40.a5 h5 41.Bd3 Rd8
42.Be2 h4 43.b5 cxb5 44.Bxb5 Ra8 45.Rc5 Ke6 46.Bd3 Kd6 47.Rb5 f6 48.Be4 Bxe4
49.fxe4 Rc8 50.e5+ fxe5 51.Rxb7 Kd5 52.Rb2 Rc3 53.Ra2 Rxh3 54.Kg2 Rg3+ 55.Kh2 Rc3
56.Rf2 Rc4 57.Kh3 Ra4 58.Rf5 Ra3+ 59.Kh2 Rxa5 60.Rxg5 Kd4 61.Kh3 Ra3+ 62.Kxh4 e4
63.Rg8 e3 64.Rd8+ Ke4 65.Re8+ Kf3 66.Rf8+ Kg2 67.Re8 Kf2 68.g5 e2 69.Rxe2+ Kxe2
70.g6 Kf3 71.g7 Ra8 72.Kg5 Ke4 73.Kf6 Kd5 74.Kf7 Ra7+ 75.Kf6 Rxg7 76.Kxg7  1/2-1/2

[Event "41st Rubinstein Mem Open A"]
[Site "Polanica Zdroj POL"]
[Date "2005.08.23"]
[Round "5"]
[White "Bindrich,F"]
[Black "Lubczynski,R"]
[Result "1-0"]
[WhiteElo "2391"]
[BlackElo "2340"]

1.e4 d6 2.d4 Nf6 3.Nc3 e5 4.Nf3 Nbd7 5.Bc4 Be7 6.O-O O-O 7.Re1 c6 8.a4 b6
9.d5 c5 10.a5 bxa5 11.Nd2 Rb8 12.Nb3 Nb6 13.Bf1 a4 14.Nxa4 Bd7 15.Naxc5 dxc5
16.d6 c4 17.Na5 Bb5 18.dxe7 Qxe7 19.c3 Rfd8 20.Qf3 Nfd7 21.b4 Nf8 22.Be3 Qc7
23.Rad1 Ne6 24.Rxd8+ Rxd8 25.Rd1 Na4 26.Rxd8+ Nxd8 27.Qd1 Nxc3 28.Qc2 Na4
29.Bxc4 Nb6 30.Bb3 Qxc2 31.Bxc2 Kf8 32.f3 Ke8 33.Kf2 Kd7 34.Bb3 f6 35.h4 Nc8
36.h5 a6 37.h6 gxh6 38.Bxh6 Ne6 39.Be3 Nd6 40.Bd5 f5 41.exf5 Nxf5 42.Bd2 Ne7
43.Be4 Ng6 44.Bc3 Nef8 45.Nb7 Kc7 46.Nc5 Kd6 47.g3 Nd7 48.Nxd7 Kxd7 49.Ke3 Ke6
50.Bb2 Ne7 51.Bxh7 Nd5+ 52.Kd2 Nxb4 53.g4 Nc6 54.Bg8+ Ke7 55.Ke3 Kf8 56.Bd5 Ne7
57.Bb3 Ng6 58.Ke4 a5 59.Kf5 Nh4+ 60.Kf6 Nxf3 61.Bf7  1-0

[Event "41st Rubinstein Mem Open A"]
[Site "Polanica Zdroj POL"]
[Date "2005.08.24"]
[Round "6"]
[White "Jaracz,P"]
[Black "Mensch,E"]
[Result "1-0"]
[WhiteElo "2515"]
[BlackElo "2336"]

1.e4 d6 2.d4 Nf6 3.Nc3 Nbd7 4.Nf3 e5 5.Bc4 Be7 6.O-O O-O 7.Re1 c6 8.a4 b6
9.Ba2 a6 10.Bg5 h6 11.Bh4 Nh5 12.Bxe7 Qxe7 13.Nxe5 dxe5 14.Qxh5 exd4 15.Ne2 Nf6
16.Qh4 Rd8 17.Nf4 Nd5 18.Qxe7 Nxe7 19.a5 Rb8 20.Nd3 c5 21.axb6 Rxb6 22.Bc4 Nc6
23.Rec1 Be6 24.Bxe6 fxe6 25.Nxc5 Rxb2 26.Rxa6 Nb4 27.Nd3 Nxd3 28.cxd3 Rd2
29.Rxe6 Rb8 30.h4 Rbb2 31.Rg6 Rxd3 32.Rc7 Rd1+ 33.Kh2 Rxf2 34.Rgxg7+ Kf8
35.Rh7 Kg8 36.Rxh6 Rf4 37.Rd6  1-0

[Event "74th ch-UKR KO"]
[Site "Rivne UKR"]
[Date "2005.08.24"]
[Round "1.1"]
[White "Areshchenko,A"]
[Black "Nesteretz,A"]
[Result "1-0"]
[WhiteElo "2625"]
[BlackElo "2337"]

1.e4 d6 2.d4 Nf6 3.Nc3 Nbd7 4.Be3 e5 5.d5 Be7 6.f3 O-O 7.Qd2 c6 8.a4 a5 9.Bc4 Nb6
10.Bb3 cxd5 11.exd5 Nfd7 12.Nb5 Nc5 13.Ne2 Bd7 14.Nec3 Nxb3 15.cxb3 Bf5 16.O-O Nd7
17.Ne4 Bxe4 18.fxe4 Nf6 19.Qc2 Ng4 20.Bc1 Rc8 21.Qe2 Qd7 22.Bd2 Rc2 23.Qd3 Rcc8
24.h3 Nf6 25.Bxa5 Nh5 26.Bd2 g5 27.Rac1 Nf4 28.Qf3 f5 29.Bxf4 gxf4 30.exf5 Qxf5
31.Nc3 Kh8 32.Ne4 Rg8 33.b4 Rg6 34.Rxc8+ Qxc8 35.Qd3 Bh4 36.a5 Qg8 37.Qd2 Bd8
38.Rf3 b6 39.Kh1 bxa5 40.bxa5 Bxa5 41.Qxa5 Rxg2 42.Rf2 Rxf2 43.Nxf2 f3 44.Ng4 h5
45.Qd2 hxg4 46.Qh6+ Qh7 47.Qf8+ Qg8 48.Qxg8+ Kxg8 49.hxg4 e4 50.Kg1 e3 51.b4 Kf7
52.b5 Kf6 53.b6 Ke5 54.b7 Ke4 55.b8=Q Kd3 56.Kf1  1-0

[Event "Nordic Championships"]
[Site "Vammala FIN"]
[Date "2005.08.24"]
[Round "1"]
[White "Hardarson,R"]
[Black "Agrest,E"]
[Result "0-1"]
[WhiteElo "2361"]
[BlackElo "2592"]

1.e4 d6 2.d4 Nf6 3.Nc3 e5 4.dxe5 dxe5 5.Qxd8+ Kxd8 6.Bc4 Be6 7.Bxe6 fxe6
8.Nge2 Bc5 9.f3 a6 10.Nd1 Nc6 11.c3 Ke7 12.Be3 Nd7 13.Kd2 Bd6 14.Kc2 b5 15.b3 b4
16.Nb2 a5 17.Na4 bxc3 18.Kxc3 Rhb8 19.Rad1 Rb4 20.Rd3 Rab8 21.Rhd1 h6 22.Kd2 Rxa4
23.bxa4 Rb2+ 24.Ke1 Rxa2 25.Nc3 Rxg2 26.R3d2 Rg6 27.Kf1 Nd4 28.Bxd4 exd4
29.Rxd4 Ne5 30.f4 Rf6 31.Ne2 g5 32.Nc3 Rxf4+ 33.Kg2 Ng4 34.e5 Ne3+ 35.Kh1 Bxe5
36.Rd7+ Kf6 37.Ne2 Rf2  0-1

[Event "VI Open"]
[Site "Tarragona ESP"]
[Date "2005.08.25"]
[Round "6"]
[White "Delchev,A"]
[Black "Asis Gargatagli,H"]
[Result "1-0"]
[WhiteElo "2656"]
[BlackElo "2395"]

1.e4 d6 2.d4 Nf6 3.Nc3 Nbd7 4.Nf3 e5 5.Bc4 Be7 6.O-O O-O 7.Re1 c6 8.a4 a5
9.b3 exd4 10.Nxd4 Nb6 11.Bd3 d5 12.e5 Ng4 13.Nf5 Nxe5 14.Rxe5 Bf6 15.Bf4 Nd7
16.Nh6+ gxh6 17.Qg4+ Bg7 18.Bxh6 Qf6 19.Rh5  1-0

[Event "41st Rubinstein Mem Open A"]
[Site "Polanica Zdroj POL"]
[Date "2005.08.27"]
[Round "9"]
[White "Flasinski,M"]
[Black "Lubczynski,R"]
[Result "0-1"]
[WhiteElo "2176"]
[BlackElo "2340"]

1.e4 d6 2.d4 Nf6 3.Nc3 e5 4.Nf3 Nbd7 5.Bc4 Be7 6.O-O O-O 7.Re1 c6 8.a4 b6
9.d5 c5 10.a5 bxa5 11.Bg5 Nb6 12.Bxf6 Bxf6 13.Nd2 Bg5 14.Bf1 Bd7 15.b3 a6
16.Nc4 Nxc4 17.Bxc4 Qb6 18.Na4 Qc7 19.Qe2 f5 20.exf5 Bxf5 21.Nc3 Bh4 22.g3 Bd8
23.Ne4 Qd7 24.f3 g5 25.Bxa6 c4 26.Bxc4 Bb6+ 27.Kh1 g4 28.Bb5 Qg7 29.f4 exf4
30.Nxd6 Bg6 31.Qe6+ Kh8 32.gxf4 Rxf4 33.Rf1 Raf8 34.Rxf4 Qxa1+  0-1

[Event "Nordic Championships w"]
[Site "Vammala FIN"]
[Date "2005.08.27"]
[Round "2"]
[White "Berntsen,S"]
[Black "Rautanen,S"]
[Result "1-0"]
[WhiteElo "2166"]
[BlackElo "1913"]

1.e4 d6 2.d4 Nf6 3.Nc3 e5 4.f4 exd4 5.Qxd4 Nc6 6.Bb5 Bd7 7.Qd3 Be7 8.Be3 Nb4
9.Qe2 c6 10.Bd3 O-O 11.Nf3 Nxd3+ 12.cxd3 Ng4 13.Bc1 Bf6 14.O-O Qb6+ 15.Kh1 Rfe8
16.h3 Nh6 17.Qf2 Qxf2 18.Rxf2 Kh8 19.Bd2 Bd8 20.g4 f6 21.Rg2 Nf7 22.Rf1 Bb6
23.Kh2 Rad8 24.g5 fxg5 25.Nxg5 Nxg5 26.Rxg5 Bd4 27.Rg3 Rf8 28.b3 Rf7 29.Ne2 Bb6
30.Bc3 Rdf8 31.h4 d5 32.h5 h6 33.Be5 dxe4 34.dxe4 Re8 35.Rd1 Bc8 36.Rd6 Kh7
37.Rdg6 Rg8 38.Nd4 Bc7 39.Bxc7 Rxc7 40.Rd6 Rf7 41.f5 Re8 42.Ne6 Ree7 43.Rg6 Rf6
44.Rxf6 gxf6 45.Kg3 Bxe6 46.fxe6 Kg7 47.Kf4 c5 48.Kf5 b5 49.Rd7 Kf8 50.Kxf6  1-0

[Event "49th TCh-ESP Honor 1"]
[Site "Merida ESP"]
[Date "2005.08.28"]
[Round "5"]
[White "Lopez Martinez,J"]
[Black "Eljanov,P"]
[Result "0-1"]
[WhiteElo "2507"]
[BlackElo "2639"]

1.e4 d6 2.d4 Nf6 3.Nc3 e5 4.Nf3 Nbd7 5.Rg1 g6 6.g4 Bg7 7.g5 Nh5 8.Be3 O-O
9.Be2 c6 10.Qd2 Qa5 11.a3 Re8 12.O-O-O Nf8 13.d5 c5 14.Kb1 a6  0-1